Prince Jefri Bolkiah v KPMG (Record no. 57783)

MARC details
000 -LEADER
fixed length control field 01578cab a2200241 4500
001 - CONTROL NUMBER
control field ABS60025
008 - FIXED-LENGTH DATA ELEMENTS--GENERAL INFORMATION
fixed length control field 090401t1999 xxu||||| |||| 00| 0 eng d
035 ## - SYSTEM CONTROL NUMBER
System control number (Sirsi) u91072
041 ## - LANGUAGE CODE
Language code of text/sound track or separate title eng
245 ## - TITLE STATEMENT
Title Prince Jefri Bolkiah v KPMG
260 ## - PUBLICATION, DISTRIBUTION, ETC.
Date of publication, distribution, etc. 1999
350 ## - PRICE (NR) (BK AM CF MU VM SE) [OBSOLETE]
Price 0
490 ## - SERIES STATEMENT
Series statement Weekly Law Reports
Volume/sequential designation [1999] 2 WLR 215-229(8)
520 ## - SUMMARY, ETC.
Summary, etc. HL 18 December 1998. The defendents (KPMG) were retained by the plaintiff (PJB) to act as forensic accountants in 1996 when PJB was involved in major litigation relating to his financial affairs. At that time KPMG had access to confidential information relating to PJB`s assets. The litigation was settled in March 1998 after which KPMG undertook no further work for PJB. In June 1998 the Government of Brunei launched an investigation into an agency of which PJB had been chairman. The agency retained KPMG to investigate the location of certain assets which it was suggested had been used by PJB for his own benefit. KPMG took steps to protect PJB`s confidentiality, however PJB commenced an action for breach of confidence and sought an injunction restraining KPMG from acting for the agency. "Held", appeal allowed and the injunction would be granted, due to the ad hoc nature of arrangements made by KPMG to protect PJB`s confidentiality.
650 ## - SUBJECT ADDED ENTRY--TOPICAL TERM
Topical term or geographic name entry element CHINESE WALLS
650 ## - SUBJECT ADDED ENTRY--TOPICAL TERM
Topical term or geographic name entry element CONFIDENTIALITY
650 ## - SUBJECT ADDED ENTRY--TOPICAL TERM
Topical term or geographic name entry element CONFLICTS OF INTEREST
650 ## - SUBJECT ADDED ENTRY--TOPICAL TERM
Topical term or geographic name entry element FORENSIC ACCOUNTANTS
650 ## - SUBJECT ADDED ENTRY--TOPICAL TERM
Topical term or geographic name entry element PRINCE JEFRI BOLKIAH V KPMG
690 ## - LOCAL SUBJECT ADDED ENTRY--TOPICAL TERM (OCLC, RLIN)
Topical term or geographic name as entry element MANAGEMENT-BUSINESS MANAGEMENT-PROFESSIONAL PRACTICE
942 ## - ADDED ENTRY ELEMENTS (KOHA)
Suppress in OPAC 0
948 ## - LOCAL PROCESSING INFORMATION (OCLC); SERIES PART DESIGNATOR (RLIN)
c (OCLC) 03/02/1999
Holdings
Withdrawn status Lost status Source of classification or shelving scheme Damaged status Not for loan Home library Current library Shelving location Date acquired Total Checkouts Full call number Barcode Date last seen Copy number Price effective from Koha item type
    Dewey Decimal Classification     London London Journal article 14/09/1999   ABS60025 91072-1001 06/08/2019 1 06/08/2019 Law report